UM Logo

The emotional work of revision / (Record no. 21235)

MARC details
000 -LEADER
fixed length control field 00716nam a22001937a 4500
003 - CONTROL NUMBER IDENTIFIER
control field OSt
005 - DATE AND TIME OF LATEST TRANSACTION
control field 20250318094746.0
008 - FIXED-LENGTH DATA ELEMENTS--GENERAL INFORMATION
fixed length control field 240903b ||||| |||| 00| 0 eng d
040 ## - CATALOGING SOURCE
Transcribing agency 0
082 ## - DEWEY DECIMAL CLASSIFICATION NUMBER
Classification number DPer 808.042 C686 June 2019 - February 2020, vol 70-71, no. 1-4.
100 ## - MAIN ENTRY--PERSONAL NAME
Personal name Ballenger, Bruce.
Relator term author.
9 (RLIN) 59957
245 ## - TITLE STATEMENT
Title The emotional work of revision /
Statement of responsibility, etc. Bruce Ballenger and Kelly Myers.
260 ## - PUBLICATION, DISTRIBUTION, ETC. (IMPRINT)
Place of publication, distribution, etc. USA ;
Name of publisher, distributor, etc. National Council of Teachers of English,
Date of publication, distribution, etc. June 2019.
300 ## - PHYSICAL DESCRIPTION
Extent Volume 70, pages 590-614.
500 ## - GENERAL NOTE
General note College composition & Communication, c. 70 n.4, pages 590-614, June 2019.
700 ## - ADDED ENTRY--PERSONAL NAME
Personal name Ballenger, Bruce.
Relator term author.
9 (RLIN) 59957
700 ## - ADDED ENTRY--PERSONAL NAME
Personal name Myers, Kelly.
Relator term author.
9 (RLIN) 59958
942 ## - ADDED ENTRY ELEMENTS (KOHA)
Source of classification or shelving scheme Dewey Decimal Classification
Koha item type Periodicals
Holdings
Withdrawn status Lost status Source of classification or shelving scheme Damaged status Not for loan Collection code Home library Current library Date acquired Total Checkouts Full call number Date last seen Price effective from Koha item type Public note
    Dewey Decimal Classification     Periodicals UM Digos College - LIC UM Digos College - LIC 09/03/2024   DPer 808.042 C686 June 2019 - February 2020, vol 70-71, no. 1-4. 09/03/2024 09/03/2024 Periodicals Periodical Article